Πράσινες μετακινήσεις στις πόλεις : πολιτικές για μια βιώσιμη κινητικότητα στα αστικά κέντρα : μια ευρωπαϊκή θεώρηση
Αποθηκεύτηκε σε:
| Άλλοι συγγραφείς: | , |
|---|---|
| Μορφή: | Βιβλίο |
| Γλώσσα: | Greek |
| Δημοσίευση: |
Αθήνα :
Παπασωτηρίου,
2013.
|
| Θέματα: | |
| Ετικέτες: |
Προσθήκη ετικέτας
Δεν υπάρχουν, Καταχωρήστε ετικέτα πρώτοι!
|
MARC
| LEADER | 00000nam a2200000 a 4500 | ||
|---|---|---|---|
| 001 | 1/114663 | ||
| 008 | 170821s2013####gr oda ||| |||| ||gre|| | ||
| 020 | |a 9789604910779 | ||
| 040 | |a GR-MyUa |b gre |c GR-MyUa |e AACR2 | ||
| 041 | 0 | |a gre | |
| 082 | 7 | |a 711.7 |2 (23) | |
| 245 | 0 | 0 | |a Πράσινες μετακινήσεις στις πόλεις : |b πολιτικές για μια βιώσιμη κινητικότητα στα αστικά κέντρα : μια ευρωπαϊκή θεώρηση / |c επιμέλεια: Σταύρος Χρ. Τσέτσης σε συνεργασία με Βούλα Χρ. Τσέτση. |
| 260 | |a Αθήνα : |b Παπασωτηρίου, |c 2013. | ||
| 300 | |a 603 σ. : |b εικ., διαγρ., φωτ. ; |c 30 εκ. | ||
| 504 | |a Περιλαμβάνει βιβλιογραφία και ευρετήριο. | ||
| 650 | 0 | |a City planning | |
| 650 | 0 | |a Urban transportation. | |
| 650 | 0 | |a City traffic. | |
| 650 | 0 | |a Transportation |x Planning. | |
| 650 | 0 | |a Urban transportation policy. | |
| 700 | 1 | |a Τσέτση-Schlyter, Βούλα, |e edtf | |
| 700 | 1 | |a Τσέτσης, Σταύρος Χρ. |e edt | |
| 852 | |a INST |b LESVOS |c EUDOXUS |e 20170821 |h 711.7 ΠΡΑ |p 005100059731 |q 005100059731 |t EDX |y 0 | ||
| 920 | |a Εύδοξος |b Παραγγελία |y Λέσβος-ΤΠ |z 2017-05 | ||